Κοινωνίες μοιράσματος : οι σύγχρονοι απλοί τροφοσυλλέκτες
Αποθηκεύτηκε σε:
| Άλλοι συγγραφείς: | , , |
|---|---|
| Μορφή: | Βιβλίο |
| Γλώσσα: | Greek English |
| Δημοσίευση: |
Αθήνα :
Πολιτειακές Εκδόσεις,
[2009]
|
| Θέματα: | |
| Ετικέτες: |
Προσθήκη ετικέτας
Δεν υπάρχουν, Καταχωρήστε ετικέτα πρώτοι!
|
MARC
| LEADER | 00000cam a2200000 i 4500 | ||
|---|---|---|---|
| 001 | 1/3417 | ||
| 008 | 100120s2009 gre d | ||
| 020 | |a 978-960-98736-0-4 | ||
| 035 | |l 10106369 | ||
| 040 | |a GR-MY-UA |b gre |e aacr | ||
| 041 | 1 | |a gre |h eng | |
| 082 | 0 | |a 306.364 |2 (22) | |
| 245 | 1 | 0 | |a Κοινωνίες μοιράσματος : |b οι σύγχρονοι απλοί τροφοσυλλέκτες / |c πρόλογος: Ρίτσαρντ Λη ; γράφουν Μάρσαλ Σάλινσ ... [κ.ά.] ; ανθολόγηση κειμένων - μετάφραση - επίμετρο: Θανάσης Κουραβέλος |
| 260 | |a Αθήνα : |b Πολιτειακές Εκδόσεις, |c [2009] | ||
| 300 | |a 349 σ.; |b εικ., 1 χάρτης; |c 23 εκ. | ||
| 500 | |a Το βιβλίο αυτό αποτελεί ανθολόγιο 9 βιβλίων μεταφρασμένα από τα αγγλικά | ||
| 504 | |a Βιβλιογραφία: σ. [304]-330 | ||
| 504 | |a Φιλμογραφία: σ. [331]-333 | ||
| 504 | |a Ευρετήρια: σ. [343]-349 | ||
| 650 | 0 | 0 | |a Hunting and gathering societies. |
| 650 | 0 | 0 | |a Anthropology. |
| 650 | 0 | 0 | |a Right of property. |
| 650 | 0 | 0 | |a Economic anthropology. |
| 650 | 0 | 0 | |a Political anthropology. |
| 700 | 1 | |a Sahlins, Marshall, |d 1930- | |
| 700 | 1 | |a Κουραβέλος, Θανάσης. |4 trl |4 edt | |
| 700 | 1 | |4 aui |a Lee, Richard B. | |
| 852 | |a INST |b LESVOS |e 20100120 |h 306.364 ΚΟΙ |p 005100045980 |q 005100045980 |t BK |y 0 | ||
| 901 | |a BIBL1-2010-1 | ||
| 909 | |a Λ |b 160161 | ||
| 970 | |a ΚΑΡΑ |b ΓΙΑΣΕΜΗ |z 2010/01/20 | ||